The rolled back beach : (Record no. 4450)
[ view plain ]
| 000 -LEADER | |
|---|---|
| fixed length control field | 00406nam a2200157Ia 4500 |
| 005 - DATE AND TIME OF LATEST TRANSACTION | |
| control field | 20241209053522.0 |
| 008 - FIXED-LENGTH DATA ELEMENTS--GENERAL INFORMATION | |
| fixed length control field | 240331s9999 xx 000 0 und dl |
| 020 ## - INTERNATIONAL STANDARD BOOK NUMBER | |
| ISBN | 9789558943052 |
| 082 ## - DDC Classification | |
| Item Number - Author Mark | HAR |
| Class No. | 891 |
| 100 ## - MAIN ENTRY--PERSONAL NAME | |
| Personal name | Harris, S |
| 245 #4 - TITLE STATEMENT | |
| Title | The rolled back beach : |
| Remainder of title | stories from the Tsunami |
| 260 ## - PUBLICATION, DISTRIBUTION, ETC. | |
| Place of publication, distribution, etc. | Colombo |
| Name of publisher, distributor, etc. | INSCRIPT (PVT) LTD |
| Date of publication, distribution, etc. | 2008 |
| 300 ## - PHYSICAL DESCRIPTION | |
| Extent (e.g. Volumes, Pages etc.) | 98 p ., |
| 650 ## - SUBJECT ADDED ENTRY--TOPICAL TERM | |
| Topical term or geographic name entry element | Short Stories |
| 942 ## - Koha item type (Biblio) | |
| Koha item type | Books in Stacks (Lending) |
| Lost status | Damaged status | Collection code | Home library | Current library | Shelving location | Date acquired | Full call number | Accession Number | Item type |
|---|---|---|---|---|---|---|---|---|---|
| Lending | WERC Library | WERC Library | Social Science Cupboard | 03/31/2024 | 891.8 HAR | 6400 | Books in Stacks (Lending) |
